Представление документа в формате RUSMARC

ПолеНазваниеЗначение
  Тип записи a
  Библиографический уровень m
001 Контрольный номер RuMoRGB-008540151
005 Дата корректировки 20220118132403.6
010 Индекс ISBN __
a ISBN 978-5-227-06884-2
d Цена 220-00
021 № государственной регистрации __
a Код страны RU
b № документа 16-53251
100 Данные общей обработки __
a Данные общей обработки 20160707d2016 u y|rus|0189 ||
101 Язык документа 0_
a Язык текста rus
102 Страна публикации __
a Страна публикации ru
a Страна публикации ru
105 Кодированные данные (монография) __
a Кодированные данные (монография) ||||zzzz0|||y
200 Заглавие и сведения об ответственности 1_
a Заглавие Диета долгожителя
e Сведения, относящиеся к заглавию питаемся правильно, специальные меню на каждый день, советы и секреты для долгой и здоровой жизни
f Первые сведения об ответственности Виталий Шевченко
210 Выходные данные 1_
a Место издания Москва
c Издательство Центрполиграф
d Дата издания 2016
215 Физическое описание __
a Объем 446, [1] с.
c Иллюстрации/тип воспроизводства ил., табл.
320 Библиография __
a Библиография Библиогр.: с. 442
330 Аннотация __
a Аннотация Практическое пособие для всех, кто желает с помощью рационального подхода к питанию и без лишней нагрузки на кошелёк излечиться от хронических недугов и прожить длинную, здоровую и полноценную жизнь. Приведены специальные диеты при различных патологических состояниях и заболеваниях органов пищеварения, сердечно-сосудистой системы, почек, сахарном диабете, проблемах с кожей… Все диеты дополнены ежедневными меню из самых доступных продуктов, и даже даны рецепты блюд, с которыми можно "вкусно" нарушить диету! Адресовано врачам-гастроэнтерологам, терапевтам, диетологам и диетсестрам, курортологам и всем, кому дорого своё здоровье.
606 Тематические рубрики __
a Основная рубрика Здравоохранение. Медицинские науки
2 Код системы nlr_sh
3 Контрольный № нормативной записи RU\NLR\AUTH\6629323
606 Тематические рубрики __
a Основная рубрика Лечебное питание и диетотерапия
610 Ключевые слова 0_
a Ключевые слова диеты
a Ключевые слова правильное питание
a Ключевые слова лечебное питание
a Ключевые слова диетотерапия
a Ключевые слова рецепты блюд
686 Индексы других классификаций __
a Индекс ББК 53.51
700 Автор _1
a Фамилия Шевченко
b Имя В. П.
g Полное личное имя Виталий Пименович
801 Источник записи _0
a Страна RU
b Организация РГБ
c Дата составления 20160707
g Правила каталогизации RCR
801 Источник записи _1
a Страна RU
b Организация РГБ
c Дата составления 20160707
2 Код формата rusmarc
801 Источник записи _1
a Страна ru
b Организация Центральная районная библиотека им. Г. А. Пирожникова
852 Данные о местонахождении __
j Шифр хранения 53.51
i Авторский знак Ш 379
901 Тип документа __
t Тип документа m
902 Роль лиц __
b Редактор БЗ ОКиО/Шумских